Which gender is the ohrid framework agreement!? : (Record no. 200468119)

MARC details
000 -LEADER
fixed length control field 01217nam a2200325 i 4500
001 - CONTROL NUMBER
control field 200468119
003 - CONTROL NUMBER IDENTIFIER
control field TR-AnTOB
005 - DATE AND TIME OF LATEST TRANSACTION
control field 20260415092153.0
007 - PHYSICAL DESCRIPTION FIXED FIELD--GENERAL INFORMATION
fixed length control field ta
008 - FIXED-LENGTH DATA ELEMENTS--GENERAL INFORMATION
fixed length control field 260415s2013 tu |||| |||| 00| 0 tur d
020 ## - INTERNATIONAL STANDARD BOOK NUMBER
International Standard Book Number 9789989133480
040 ## - CATALOGING SOURCE
Original cataloging agency TR-AnTOB
Language of cataloging eng
Description conventions rda
Transcribing agency TR-AnTOB
041 0# - LANGUAGE CODE
Language code of text/sound track or separate title İngilizce
050 14 - LIBRARY OF CONGRESS CALL NUMBER
Classification number HQ1236.5.M27
Item number W55 2013
090 ## - LOCALLY ASSIGNED LC-TYPE CALL NUMBER (OCLC); LOCAL CALL NUMBER (RLIN)
Classification number (OCLC) (R) ; Classification number, CALL (RLIN) (NR) HQ1236.5.M27
Local cutter number (OCLC) ; Book number/undivided call number, CALL (RLIN) W55 2013
245 10 - TITLE STATEMENT
Title Which gender is the ohrid framework agreement!? :
Remainder of title analisys /
Statement of responsibility, etc. authors Sasho Klekovski [and four others] ; editor Lulzim Haziri.
264 #1 - PRODUCTION, PUBLICATION, DISTRIBUTION, MANUFACTURE, AND COPYRIGHT NOTICE
Place of production, publication, distribution, manufacture [Place of publication not identified] ;
Name of producer, publisher, distributor, manufacturer Association for Democratic Initiatives,
Date of production, publication, distribution, manufacture, or copyright notice 2013.
300 ## - PHYSICAL DESCRIPTION
Extent 96 pages :
Other physical details tables ;
Dimensions 23 cm
336 ## - CONTENT TYPE
Content type term text
Content type code txt
Source rdacontent
337 ## - MEDIA TYPE
Media type term unmediated
Media type code n
Source rdamedia
338 ## - CARRIER TYPE
Carrier type term volume
Carrier type code nc
Source rdacarrier
500 ## - GENERAL NOTE
General note Authors: Sasho Klekovski, Mjellma Mehmeti, Zhaneta Poposka, Shpend Imeri, Shkendije Baftija
650 #0 - SUBJECT ADDED ENTRY--TOPICAL TERM
Topical term or geographic name entry element Women
General subdivision Political activity
Geographic subdivision North Macedonia.
9 (RLIN) 86483
Topical term or geographic name entry element Conflict management
9 (RLIN) 22042
653 ## - INDEX TERM--UNCONTROLLED
Uncontrolled term Ohrid Framework Agreement
Uncontrolled term Minority women -- North Macedonia -- Social conditions
700 1# - ADDED ENTRY--PERSONAL NAME
Personal name Klekovski, Sasho
Relator term author
9 (RLIN) 153669
942 ## - ADDED ENTRY ELEMENTS (KOHA)
Source of classification or shelving scheme Library of Congress Classification
Koha item type Book
Holdings
Withdrawn status Lost status Source of classification or shelving scheme Not for loan Collection code Home library Current library Shelving location Date acquired Source of acquisition Total Checkouts Full call number Date last seen Date shelved Koha item type Public note
    Library of Congress Classification Ödünç verilemez-Teknik işlemde / Not for loan-In technical process Genel Koleksiyon Merkez Kütüphane Merkez Kütüphane Genel Koleksiyon / Main Collection 29/09/2020 Bağış / Donation   HQ1236.5.M27 W55 2013 15/04/2026 15/04/2026 Book Donated by Birgül Demirtaş
Devinim Yazılım Eğitim Danışmanlık tarafından Koha'nın orjinal sürümü uyarlanarak geliştirilip kurulmuştur.